<?xml version="1.0" encoding="UTF-8"?>
<record
    xmlns:xsi="http://www.w3.org/2001/XMLSchema-instance"
    xsi:schemaLocation="http://www.loc.gov/MARC21/slim http://www.loc.gov/standards/marcxml/schema/MARC21slim.xsd"
    xmlns="http://www.loc.gov/MARC21/slim">

  <leader>00560nam a22001817a 4500</leader>
  <controlfield tag="005">20170818145016.0</controlfield>
  <datafield tag="010" ind1=" " ind2=" ">
    <subfield code="a">ENG-119891</subfield>
  </datafield>
  <datafield tag="020" ind1=" " ind2=" ">
    <subfield code="c">675.00</subfield>
    <subfield code="a">9789389393316</subfield>
  </datafield>
  <datafield tag="035" ind1=" " ind2=" ">
    <subfield code="a">EN-103423</subfield>
  </datafield>
  <datafield tag="037" ind1=" " ind2=" ">
    <subfield code="b">DBAD/PUB</subfield>
  </datafield>
  <datafield tag="082" ind1=" " ind2=" ">
    <subfield code="a">915.403</subfield>
  </datafield>
  <datafield tag="100" ind1=" " ind2=" ">
    <subfield code="a">Singh, Laxmi </subfield>
  </datafield>
  <datafield tag="245" ind1=" " ind2=" ">
    <subfield code="a">Indian states &amp; union territories /</subfield>
    <subfield code="c">by Laxmi Singh </subfield>
  </datafield>
  <datafield tag="260" ind1=" " ind2=" ">
    <subfield code="b">Sanket Prakashan </subfield>
    <subfield code="c">2014</subfield>
    <subfield code="a">Allahabad </subfield>
  </datafield>
  <datafield tag="270" ind1=" " ind2=" ">
    <subfield code="a">5 Upendra Nath Ashk Marg (Old Khusrobagh Road)</subfield>
    <subfield code="b">Allahabad </subfield>
    <subfield code="e">211001</subfield>
  </datafield>
  <datafield tag="300" ind1=" " ind2=" ">
    <subfield code="a">v, 319p :</subfield>
    <subfield code="c">21cm(Hb)</subfield>
    <subfield code="b">ill</subfield>
  </datafield>
  <datafield tag="942" ind1=" " ind2=" ">
    <subfield code="2">ddc</subfield>
    <subfield code="c">EN</subfield>
    <subfield code="h">915.403</subfield>
    <subfield code="m">SIN</subfield>
  </datafield>
  <datafield tag="999" ind1=" " ind2=" ">
    <subfield code="c">143560</subfield>
    <subfield code="d">143560</subfield>
  </datafield>
  <datafield tag="952" ind1=" " ind2=" ">
    <subfield code="0">0</subfield>
    <subfield code="1">0</subfield>
    <subfield code="4">0</subfield>
    <subfield code="7">0</subfield>
    <subfield code="8">NFIC</subfield>
    <subfield code="a">NR</subfield>
    <subfield code="b">NR</subfield>
    <subfield code="d">2017-08-18</subfield>
    <subfield code="e">DBAD/PUB</subfield>
    <subfield code="g">675.00</subfield>
    <subfield code="l">0</subfield>
    <subfield code="o">915.403 SIN</subfield>
    <subfield code="p">EN-103423</subfield>
    <subfield code="r">2017-08-18 00:00:00</subfield>
    <subfield code="t">1</subfield>
    <subfield code="v">675.00</subfield>
    <subfield code="y">EN</subfield>
  </datafield>
</record>
